00295nam a2200109Ia 4500008004100000100002000041245000900061260000900070300002900079440002400108650005300132180117s9999 xx 000 0 und d aby AA Patawaran aWHWN c2017 a22-24 pages, 2017 July 2 aPhilippine Panorama aIF YOU CAN TEACH WRITING, PLEASE RAISE YOUR HAND